000
00286nam a22001217a 4500
008
170608b xxu||||| |||| 00| 0 eng d
041
_a
ALB
080
_a
34
100
_a
14
101
_a
SHJ
245
_a
DEKLARATA UNIVERSALE MBI TE DREJTAT E NJERIUT
_c
ALFREDSON, G
942
_2
udc
_c
BK
999
_c
16541
_d
16541